<?xml version="1.0" encoding="UTF-8"?>
<record
    xmlns:xsi="http://www.w3.org/2001/XMLSchema-instance"
    xsi:schemaLocation="http://www.loc.gov/MARC21/slim http://www.loc.gov/standards/marcxml/schema/MARC21slim.xsd"
    xmlns="http://www.loc.gov/MARC21/slim">

  <leader>03444nam a2200493 a 4500</leader>
  <controlfield tag="003">mxchpua</controlfield>
  <controlfield tag="005">20240527093042.0</controlfield>
  <controlfield tag="007">ta</controlfield>
  <controlfield tag="008">240527s2022    ck bdeofs|||| 001 0 spa d</controlfield>
  <datafield tag="040" ind1=" " ind2=" ">
    <subfield code="a">mxchpua</subfield>
  </datafield>
  <datafield tag="090" ind1=" " ind2=" ">
    <subfield code="a">T.C.903</subfield>
    <subfield code="b">L36 EIUPA</subfield>
    <subfield code="c">2022</subfield>
  </datafield>
  <datafield tag="245" ind1="1" ind2="0">
    <subfield code="a">Finca La Camelia Concordia, Antioquia, Colombia / </subfield>
    <subfield code="c">coordinadores Landa Salgado Patricia y Ing. Jos&#xE9; Orlando Ramayo Ram&#xED;rez ; colaboradores Ricardo Barradas Cruz...[y otros]</subfield>
  </datafield>
  <datafield tag="260" ind1=" " ind2=" ">
    <subfield code="a">Chapingo, M&#xE9;xico :</subfield>
    <subfield code="b">El autor,</subfield>
    <subfield code="c">2022</subfield>
  </datafield>
  <datafield tag="300" ind1=" " ind2=" ">
    <subfield code="a">1 recurso en l&#xED;nea (120 p&#xE1;ginas) :</subfield>
    <subfield code="b">ilustraciones, tablas, gr&#xE1;ficas, diagramas, planos, fotos </subfield>
  </datafield>
  <datafield tag="336" ind1=" " ind2=" ">
    <subfield code="2">rdacontent</subfield>
    <subfield code="a">texto</subfield>
    <subfield code="b">txt</subfield>
  </datafield>
  <datafield tag="337" ind1=" " ind2=" ">
    <subfield code="2">rdamedia</subfield>
    <subfield code="a">computadora </subfield>
    <subfield code="b">c</subfield>
  </datafield>
  <datafield tag="338" ind1=" " ind2=" ">
    <subfield code="2">rdacarrier</subfield>
    <subfield code="a">recurso en l&#xED;nea </subfield>
    <subfield code="b">cr</subfield>
  </datafield>
  <datafield tag="500" ind1=" " ind2=" ">
    <subfield code="a">Grado: 7&#xB0; a&#xF1;o Grupo: 04</subfield>
  </datafield>
  <datafield tag="502" ind1=" " ind2=" ">
    <subfield code="a">Viaje de Estudios</subfield>
    <subfield code="b">(EIUPA) --</subfield>
    <subfield code="c">UACh. Departamento de Ingenier&#xED;a Agroindustrial,</subfield>
    <subfield code="d">2022</subfield>
  </datafield>
  <datafield tag="504" ind1=" " ind2=" ">
    <subfield code="a">Bibliograf&#xED;a: p&#xE1;ginas 116-120</subfield>
  </datafield>
  <datafield tag="505" ind1="0" ind2=" ">
    <subfield code="a">Contiene 9 planos : --
1. Plano finca(Esc. 1:1) --
2. Plano de &#xE1;reas alm&#xE1;cigo 2 (Esc. 1:1) --
3. Plano de &#xE1;reas alm&#xE1;cigo 1(Esc. 1:1)  --
4. Plano de &#xE1;reas (Esc. 1:1) --
5. Plano de distribuci&#xF3;n el&#xE9;ctrica (Esc. 1:1) --
6. Plano de distribuci&#xF3;n de equipos (Esc. 1:1) --
7. Diagrama de tuber&#xED;a e instrumentaci&#xF3;n --
8. Diagrama de recorrido --
9. Diagrama de Flujo del procesos</subfield>
  </datafield>
  <datafield tag="650" ind1="1" ind2="3">
    <subfield code="9">150527</subfield>
    <subfield code="a">Productos del caf&#xE9;  </subfield>
    <subfield code="x">Organizaci&#xF3;n industrial y estructura de mercado</subfield>
    <subfield code="z">Colombia</subfield>
  </datafield>
  <datafield tag="650" ind1="1" ind2="3">
    <subfield code="9">150527</subfield>
    <subfield code="a">Productos del caf&#xE9;  </subfield>
    <subfield code="x">Calidad del producto</subfield>
  </datafield>
  <datafield tag="650" ind1="1" ind2="3">
    <subfield code="9">17085</subfield>
    <subfield code="a">Caf&#xE9;</subfield>
    <subfield code="x">Industria y comercio</subfield>
    <subfield code="z">Colombia</subfield>
  </datafield>
  <datafield tag="650" ind1="1" ind2="3">
    <subfield code="9">156419</subfield>
    <subfield code="a">Semillas de caf&#xE9;  </subfield>
    <subfield code="x">Calidad de los cultivos</subfield>
  </datafield>
  <datafield tag="650" ind1="1" ind2="3">
    <subfield code="9">160446</subfield>
    <subfield code="a">Coffea arabica  </subfield>
    <subfield code="z">Colombia</subfield>
  </datafield>
  <datafield tag="650" ind1="1" ind2="3">
    <subfield code="9">155323</subfield>
    <subfield code="a">Coffee products</subfield>
    <subfield code="x">Industrial organization and market structure</subfield>
    <subfield code="z">Colombia</subfield>
  </datafield>
  <datafield tag="650" ind1="1" ind2="3">
    <subfield code="9">155323</subfield>
    <subfield code="a">Coffee products</subfield>
    <subfield code="x">Product quality</subfield>
  </datafield>
  <datafield tag="650" ind1="1" ind2="3">
    <subfield code="9">147895</subfield>
    <subfield code="a">Coffee  </subfield>
    <subfield code="x">Industry and trade</subfield>
    <subfield code="z">Colombia</subfield>
  </datafield>
  <datafield tag="650" ind1="1" ind2="3">
    <subfield code="9">156418</subfield>
    <subfield code="a">Coffee beans  </subfield>
    <subfield code="x">Crop quality</subfield>
  </datafield>
  <datafield tag="700" ind1="1" ind2=" ">
    <subfield code="9">148104</subfield>
    <subfield code="a">Landa Salgado, Patricia</subfield>
    <subfield code="e">coordinadora</subfield>
  </datafield>
  <datafield tag="700" ind1="1" ind2=" ">
    <subfield code="9">161734</subfield>
    <subfield code="a">Ramayo Ram&#xED;rez, Jos&#xE9; Orlando</subfield>
    <subfield code="e">coordinador</subfield>
  </datafield>
  <datafield tag="700" ind1="1" ind2=" ">
    <subfield code="9">189124</subfield>
    <subfield code="a">Barradas Cruz, Ricardo</subfield>
    <subfield code="e">colaborador</subfield>
  </datafield>
  <datafield tag="856" ind1="4" ind2="0">
    <subfield code="u">http://10.13.5.2/ve/TC903_EIUPA/TC903_EIUPA_2022-REPORTE.pdf</subfield>
    <subfield code="y">DESCARGAR REPORTE</subfield>
  </datafield>
  <datafield tag="856" ind1="4" ind2="0">
    <subfield code="u">http://10.13.5.2/ve/TC903_EIUPA/TC903_EIUPA_2022-PLANO_FINCA.pdf</subfield>
    <subfield code="y">DESCARGAR PLANO FINCA</subfield>
  </datafield>
  <datafield tag="856" ind1="4" ind2="0">
    <subfield code="u">http://10.13.5.2/ve/TC903_EIUPA/TC903_EIUPA_2022-PLANO_DE_AREAS_ALMACIGO_2.pdf</subfield>
    <subfield code="y">DESCARGAR PLANO DE &#xC1;REAS ALMACIGO 2 </subfield>
  </datafield>
  <datafield tag="856" ind1="4" ind2="0">
    <subfield code="u">http://10.13.5.2/ve/TC903_EIUPA/TC903_EIUPA_2022-PLANO_DE_AREAS_ALMACIGO_1.pdf</subfield>
    <subfield code="y">DESCARGAR PLANO DE &#xC1;REAS ALM&#xC1;CIGO 1</subfield>
  </datafield>
  <datafield tag="856" ind1="4" ind2="0">
    <subfield code="u">http://10.13.5.2/ve/TC903_EIUPA/TC903_EIUPA_2022-PLANO_DE_AREAS.pdf</subfield>
    <subfield code="y">DESCARGAR PLANO DE &#xC1;REAS</subfield>
  </datafield>
  <datafield tag="856" ind1="4" ind2="0">
    <subfield code="u">http://10.13.5.2/ve/TC903_EIUPA/TC903_EIUPA_2022-PLANO_DE_DISTRIBUCION_ELECTRICA.pdf</subfield>
    <subfield code="y">DESCARGAR PLANO DE DISTRIBUCI&#xD3;N EL&#xC9;CTRICA </subfield>
  </datafield>
  <datafield tag="856" ind1="4" ind2="0">
    <subfield code="u">http://10.13.5.2/ve/TC903_EIUPA/TC903_EIUPA_2022-PLANO_DE_DISTRIBUCION_DE_EQUIPOS.pdf</subfield>
    <subfield code="y">DESCARGAR PLANO DE DISTRIBUCI&#xD3;N DE EQUIPOS</subfield>
  </datafield>
  <datafield tag="856" ind1="4" ind2="0">
    <subfield code="u">http://10.13.5.2/ve/TC903_EIUPA/TC903_EIUPA_2022-DIAGRAMA_DE_TUBERIAS_E_INSTRUMENTACION.pdf</subfield>
    <subfield code="y">DESCARGAR DIAGRAMA DE TUBER&#xCD;AS E INSTRUMENTACI&#xD3;N</subfield>
  </datafield>
  <datafield tag="856" ind1="4" ind2="0">
    <subfield code="u">http://10.13.5.2/ve/TC903_EIUPA/TC903_EIUPA_2022-DIAGRAMA_DE_RECORRIDO.pdf</subfield>
    <subfield code="y">DESCARGAR DIAGRAMA DE RECORRIDO</subfield>
  </datafield>
  <datafield tag="856" ind1="4" ind2="0">
    <subfield code="u">http://10.13.5.2/ve/TC903_EIUPA/TC903_EIUPA_2022-DIAGRAMA_DE_FLUJO_DEL_PROCCESO.pdf</subfield>
    <subfield code="y">DESCARGAR DIAGRAMA DE FLUJO DEL PROCESO</subfield>
  </datafield>
  <datafield tag="999" ind1=" " ind2=" ">
    <subfield code="c">219934</subfield>
    <subfield code="d">219934</subfield>
  </datafield>
  <datafield tag="952" ind1=" " ind2=" ">
    <subfield code="0">0</subfield>
    <subfield code="1">0</subfield>
    <subfield code="2">local</subfield>
    <subfield code="4">0</subfield>
    <subfield code="7">0</subfield>
    <subfield code="8">VEE</subfield>
    <subfield code="a">IA_</subfield>
    <subfield code="b">IA_</subfield>
    <subfield code="c">E_L</subfield>
    <subfield code="d">2024-05-27</subfield>
    <subfield code="e">El autor</subfield>
    <subfield code="l">0</subfield>
    <subfield code="o">T.C.903 L36 EIUPA 2022</subfield>
    <subfield code="p">1206015750</subfield>
    <subfield code="r">2024-05-27 00:00:00</subfield>
    <subfield code="w">2024-05-27</subfield>
    <subfield code="y">VEE</subfield>
  </datafield>
</record>
